Biblioteca

An introduction to the Bible / (Registro nro. 65769)

Detalles MARC
000 -LÍDER
Campo fijo de descripción fija 01302nam a2200373 i 4500
001 - NÚMERO DE CONTROL
Campo de control 768714001
003 - IDENTIFICADOR DEL NÚMERO DE CONTROL
Campo de control CO-MdFUSB
005 - FECHA Y HORA DE LA ULTIMA TRANSACCIÓN
control field 20200422115916.0
007 - CAMPO FIJO DE DESCRIPCIÓN FIJA--INFORMACIÓN GENERAL
Campo fijo de descripción fija ta
008 - ELEMENTOS DE LONGITUD FIJA -- INFORMACIÓN GENERAL
Campo fijo de descripción fija -- Información general 000725t2014 enkb b 001 0 eng d
010 ## - NÚMERO DE CONTROL DE LA BIBLIOTECA DEL CONGRESO
Número de control LC 00269735
020 ## - NÚMERO INTERNACIONAL NORMALIZADO PARA LIBROS
Número Internacional Normalizado del libro 0140252614
040 ## - FUENTE DE CATALOGACIÓN
Agencia de catalogación original UKM
Agencia que realiza la transcripción CO-MdFUSB
Agencia que realiza la modificación UKM
-- CO-MdFUSB
-- TWU
Idioma de catalogación spa
Convenciones de la descripción rda
041 ## - CÓDIGO DE IDIOMA
Código de idioma para texto/pista de sonido o título separado eng
042 ## - AUTHENTICATION CODE
Authentication code lccopycat
082 ## - NÚMERO DE CLASIFICACIÓN DECIMAL DEWEY
Número de la edición del Dewey 23
Número de clasificación 220.61
Clave de autor-Numero de item R731
100 1# - ASIENTO PRINCIPAL--NOMBRE PERSONAL
Nombre personal Rogerson, J. W.
Fechas asociadas con el nombre 1935-
Término relacionador autor
245 13 - TÍTULO
Título del Material An introduction to the Bible /
Mención de responsabilidad, etc. J.W. Rogerson.
264 #1 - PRODUCCIÓN, PUBLICACIÓN, DISTRIBUCIÓN, MANUFACTURA, Y COPYRIGHT
Lugar de producción, publicación, distribución, manufactura London :
Nombre del productor, publicador, distribuidor Taylor and Francis,
Fecha de producción, publicación, distribución, manufactura, o copyright [2014]
264 #4 - PRODUCCIÓN, PUBLICACIÓN, DISTRIBUCIÓN, MANUFACTURA, Y COPYRIGHT
Fecha de producción, publicación, distribución, manufactura, o copyright © 2014
300 ## - DESCRIPCIÓN FÍSICA
Extensión xi, 232 páginas. :
Otros detalles físicos mapas ;
Dimensiones 20 cm.
336 ## - TIPO DE CONTENIDO
Fuente rdacontent
Término de tipo de contenido texto
Código de tipo de contenido txt
337 ## - TIPO DE MEDIO
Fuente rdamedia
Nombre del tipo de medio sin mediación
Código del tipo de medio n
338 ## - TIPO DE SOPORTE
Fuente rdacarrier
Nombre del tipo de soporte volumen
Código Tipo de soporte nc
504 ## - NOTA DE BIBLIOGRAFÍA, ETC.
Nota de bibliografía, etc Incluye referencias bibliográficas páginas (198-203)
505 ## - NOTA DE CONTENIDO
Nota de contenido con formato preestablecido ¿Qué es la Biblia? - Cómo escribieron los escritores bíblicos. -- La creación del Antiguo Testamento. -- La creación de los apócrifos. -- La creación del Nuevo Testamento. -- El canon de la Biblia. --El estudio de la Biblia. -- El uso de la Biblia.
563 ## - NOTA DE ENCUADERNACIÓN
Nota de encuadernación Rústico
630 00 - TITULO UNIFORME
Título uniforme Biblia
Subdivisión de forma Introducciones
942 ## - TIPO DE MATERIAL (KOHA)
Tipo de Item KOHA Libros General
945 ## - INFORMACIÓN LOCAL DEL REGISTRO
Catalogador JTF-925
Existencias
Estado de Material Estado de Perdido Forma de Clasificación Estado de Dañado No para Préstamo Colección Biblioteca de Origen Biblioteca Permanente Fecha de Adquisición Forma de Adquisición Área Total de Préstamos Signatura Topográfica Código de Barras Última vez visto Última vez Préstado Ejemplar/Existencia Fecha de Remplazo Tipo de Material
    Dewey Decimal Classification     Colección General Biblioteca FUSBC Biblioteca FUSBC 22/04/2020 Donación Nottingham BIBLIA 1 G 220.61 R731i 3756 09/02/2022 03/02/2022 Ej.1 22/04/2020 Libros General

Biblioteca FUSBC | Teléfono: (57+4) 349 88 10 Ext. 141| WhatsApp (+57) 3005338115 
E-mail: biblioteca@unisbc.edu.co | Calle 76 87-14 Robledo Palenque, Medellín, Colombia

Con tecnología Koha